[PAROLES] - OD - NEKFEU - Paroles - Statistiques

Statistiques générales
  • Ce quiz a été pris 91 fois
  • Le résultat moyen est 336 sur 508
Statistiques - réponses
Paroles % Correct
l
96%
L
96%
m
96%
M
96%
a
95%
à
95%
d
95%
de
95%
J
95%
j
95%
C
93%
c
93%
OD
93%
s
93%
t
93%
T
93%
Co
91%
es
91%
je
91%
Je
91%
ma
91%
N
91%
n
91%
un
91%
une
91%
Une
91%
est
89%
Est
89%
le
89%
Le
89%
qu
89%
moi
88%
pas
88%
Tu
88%
tu
88%
dans
86%
du
86%
On
86%
on
86%
Se
86%
se
86%
ai
82%
comme
82%
la
82%
82%
me
82%
nuit
82%
te
82%
Appelle
80%
débarque
80%
heure
80%
I
80%
peu
80%
suis
80%
des
79%
en
79%
hôtel
79%
mon
79%
dur
77%
ne
77%
que
77%
et
75%
nos
75%
plus
75%
fais
73%
mais
71%
Mais
71%
mal
71%
quand
71%
Quand
71%
So
71%
sur
71%
Ton
71%
ton
71%
jamais
70%
les
70%
marcher
70%
reconnu
70%
tranquille
70%
ce
68%
cœur
68%
fly
68%
sera
68%
têtes
68%
ennemi
66%
hôtesse
66%
aimes
64%
douleur
64%
high
64%
leurs
64%
pour
64%
qui
64%
Qui
64%
Amy
63%
dis
63%
toi
63%
tout
63%
au
61%
communautaires
61%
fait
61%
fusil
61%
Kurt
61%
petite
61%
ça
59%
conne
59%
Égérie
59%
notre
59%
nourris
59%
ta
59%
vraiment
59%
as
57%
bails
57%
cogne
57%
faire
57%
leverai
57%
main
57%
man
57%
mois
57%
pendant
57%
rien
57%
sorti
57%
garrot
55%
imiter
55%
même
55%
Même
55%
of
55%
toutes
55%
you
55%
alors
54%
Bébé
54%
boudé
54%
intimité
54%
jour
54%
manques
54%
minuit
54%
pire
54%
tes
54%
accusant
52%
amour
52%
après
52%
car
52%
contre
52%
junkie
52%
peut
52%
savoir
52%
sors
52%
Sors
52%
subit
52%
veut
52%
vie
52%
absence
50%
aiguilles
50%
bouche
50%
carrosse
50%
chignon
50%
corps
50%
élastique
50%
offert
50%
présences
50%
should
50%
attends
48%
diable
48%
grand
48%
Nord
48%
Ouest
48%
séduis
48%
Sud
48%
continues
46%
have
46%
intimider
46%
mort
46%
sentiments
46%
tournent
46%
avenir
45%
bien
45%
chimiques
45%
enlève
45%
gémir
45%
mens
45%
moment
45%
plaisance
45%
révéler
45%
sentir
45%
sûre
45%
vois
45%
with
45%
Complètement
43%
déboussolé
43%
déplaisant
43%
inverse
43%
mes
43%
pleine
43%
profite
43%
si
43%
supplie
43%
voulant
43%
condamné
41%
Croquer
41%
dent
41%
navire
41%
abat
39%
briller
39%
aide
38%
appels
38%
cris
38%
désamorce
38%
folle
38%
ils
38%
ressemble
38%
sais
38%
sont
38%
yeux
38%
connue
36%
demandes
36%
dépression
36%
hommes
36%
mariage
36%
Comment
34%
danced
34%
histoire
34%
noce
34%
pourquoi
34%
veulent
34%
approprier
32%
déjà
32%
déshonneur
32%
dispute
32%
font
32%
lèvre
32%
reflet
32%
chaque
30%
crimes
30%
crise
30%
écris
30%
kind
30%
saigner
30%
tiges
30%
What
30%
what
30%
bribes
29%
détruisent
29%
fleurs
29%
mettre
29%
offrir
29%
oses
29%
up
29%
fois
27%
frissons
27%
litige
27%
mortes
27%
Chérie
25%
commences
25%
marques
25%
ceauxmor
23%
make
23%
pourrais
23%
seraient
23%
that
23%
it
21%
my
21%
Passion
21%
secrète
21%
would
21%
stand
16%
pareille
14%
hold
13%
takes
13%
hours
9%
However
9%
many
9%
corner
7%
Aucun quiz correspondant
Distribution des résultats
% des personnes avec chaque résultat
Percentile par nombre de réponses
Votre historique - résultats
Vous n’avez pas pris ce quiz